01863cam a2200397 a 4500001000700000003000400007005001700011008004100028010001700069020001500086020001800101022000600119035001100125040003600136050002100172100004000193245008300233246002500316250002000341260004600361300009000407336002600497337002800523338002700551504005100578505000600629520000600635538038600641650001801027650004101045700005801086942004301144952012201187952014101309999001501450710753GZU20260424082618.0971002s1998 paua b 001 0 eng c a 97042368  a0397584318 a9780397584314 a. a710753 aDNLM/DLCcDLCdGZULibbengerda00aQM451b.BAR 19981 aKiernan, J. A.q(John Alan)dauthor10aBarr's The human nervous system :ban anatomical viewpoint /cJohn A. Kiernan.30aHuman nervous system aSeventh edition aPhiladelphia :bLippincott-Raven,cc1998. aix, 518 pages :billustrations (some colour) ;c26 cm. +e1 computer disk (3 1/2 in.) atextbtxt2rdacontent aunmediatedbn2rdamedia avolumebnc2rdacarrier aIncludes bibliographical references and index. a. a. aSystem requirements for computer disk: IBM-compatible PC, preferably with an 80386 or better (80486 or Pentium) processor; 500 kilobytes of free conventional RAM memory; a hard disk with about 1.5 megabytes of free space; a color monitor (VGA preferred); a mouse is not recommended; an MS-DOS or equivalent operating system must be available (Version 3.3 or higher is recommended). 0aNeuroanatomy.12aNervous Systemxanatomy & histology.1 aBarr, Murray Llewellyn,d1908-tHuman nervous system. 2lcccBKeSeventh editionh451iBARkQM 00102lcc40708NFICaCCLbCCLcGENd2021-04-29l0oQM451 KIE 1998pG20485r2021-04-29 00:00:00tc.1w2021-04-29yBK 00102lcc40708NFICaMLbMLcGENd2026-04-24eDonation from UKZNl0oQM451 BAR 1998p034550r2026-04-24 08:28:06tc. 2w2026-04-24yBK c6736d6736